Phonétisme et prononciations du français (notice n° 1905607)

détails MARC
000 -LEADER
fixed length control field 01019cam a2200133 4500500
005 - DATE AND TIME OF LATEST TRANSACTION
control field 20260329020341.0
041 ## - LANGUAGE CODE
Language code of text/sound track or separate title fre
042 ## - AUTHENTICATION CODE
Authentication code dc
100 10 - MAIN ENTRY--PERSONAL NAME
Personal name Léon, Pierre
Relator term author
245 00 - TITLE STATEMENT
Title Phonétisme et prononciations du français
260 ## - PUBLICATION, DISTRIBUTION, ETC.
Name of publisher, distributor, etc. Armand Colin,<br/>
Date of publication, distribution, etc. 2024.<br/>
520 ## - SUMMARY, ETC.
Summary, etc. Cet ouvrage présente les notions de base pour  expliquer le fonctionnement phonétique du français, dans son rapport avec la variation. La langue n’est pas monolithique. Nous ne parlons pas de la même manière au bureau, en public ou chez soi. Cette sixième édition permet  de prendre en compte les  avancées de  la recherche, en particulier en ce qui concerne la prosodie, depuis l’infrastructure rythmique jusqu’à l’intonation, ainsi que des  apports technologiques récents, notamment les illustrations oscillographiques et spectrographiques des analyses acoustiques.
856 41 - ELECTRONIC LOCATION AND ACCESS
Uniform Resource Identifier <a href="https://shs.cairn.info/phonetisme-et-prononciations-du-francais-6e-ed--9782200635435?lang=fr&redirect-ssocas=7080">https://shs.cairn.info/phonetisme-et-prononciations-du-francais-6e-ed--9782200635435?lang=fr&redirect-ssocas=7080</a>

Pas d'exemplaire disponible.

PLUDOC

PLUDOC est la plateforme unique et centralisée de gestion des bibliothèques physiques et numériques de Guinée administré par le CEDUST. Elle est la plus grande base de données de ressources documentaires pour les Étudiants, Enseignants chercheurs et Chercheurs de Guinée.

Adresse

627 919 101/664 919 101

25 boulevard du commerce
Kaloum, Conakry, Guinée

Réseaux sociaux

Powered by Netsen Group @ 2025